Operations Research (Record no. 295352)

MARC details
000 -LEADER
fixed length control field 00375nam a2200157Ia 4500
008 - FIXED-LENGTH DATA ELEMENTS--GENERAL INFORMATION
fixed length control field 230718s9999 xx 000 0 und d
041 ## - LANGUAGE CODE
Language code of text/sound track or separate title eng
082 ## - DEWEY DECIMAL CLASSIFICATION NUMBER
Classification number 003
Item number HIR
100 ## - MAIN ENTRY--PERSONAL NAME
Personal name Hira D.S.
9 (RLIN) 156313
245 ## - TITLE STATEMENT
Title Operations Research
260 ## - PUBLICATION, DISTRIBUTION, ETC. (IMPRINT)
Date of publication, distribution, etc. 1994
Name of publisher, distributor, etc. S.Chand And Company Ltd.
300 ## - PHYSICAL DESCRIPTION
Extent 918
365 ## - TRADE PRICE
Currency code Rs.
700 ## - ADDED ENTRY--PERSONAL NAME
Personal name Hira D.S. & Gupta
9 (RLIN) 185824
906 ## - LOCAL DATA ELEMENT F, LDF (RLIN)
c INST
Holdings
Withdrawn status Lost status Damaged status Not for loan Home library Current library Date acquired Vendor Budget Code Full call number Barcode Date last seen Bill Date Koha item type Original Barcode
Withdrawn       Cummins College of Engineering for Women Pune Cummins College of Engineering for Women Pune 03/07/1996 S R Rathi INST 003 CCEP-BK-6557 18/07/2023 15/05/1996 Books 006557